[Event "9. Copa Itau de Xadrez"]
[Site "Sao Paulo BRA"]
[Date "2005.10.05"]
[Round "4.7"]
[White "Leitao, Rafael"]
[Black "Nogueira, Ivan K"]
[Result "1-0"]
[WhiteElo "2586"]
[BlackElo "2307"]
[PlyCount "123"]
[EventDate "2005.10.02"]
[EventType "swiss"]
[EventRounds "9"]
[EventCountry "BRA"]
[Source "lmi"]
[SourceDate "2005.10.11"]

1. d4 d5 2. Nf3 Nf6 3. c4 c6 4. e3 e6 5. Bd3 Nbd7 6. O-O Bd6 7. Nbd2 O-O 8. e4
e5 9. cxd5 cxd5 10. exd5 exd4 11. Ne4 Nxe4 12. Bxe4 Nf6 13. Qxd4 Nxe4 14. Qxe4
Qf6 15. Rd1 Bd7 16. Qd4 Qf5 17. Bd2 Rfd8 18. Bc3 f6 19. h3 Be8 20. Qg4 Qxg4 21.
hxg4 h6 22. Nd4 Bd7 23. Nf5 Bf8 24. Ne3 Rac8 25. Rac1 Kf7 26. g3 Re8 27. Bd4 b6
28. f3 Rxc1 29. Rxc1 Rc8 30. Rxc8 Bxc8 31. Kf2 Ke7 32. f4 Ba6 33. a3 Bd3 34.
Kf3 Kd6 35. Bc3 a5 36. Bd4 Kc7 37. g5 f5 38. g6 b5 39. b4 axb4 40. axb4 Bxb4
41. Bxg7 Kd7 42. Be5 Ke7 43. d6+ Bxd6 44. Bxd6+ Kf6 45. Nd5+ Kxg6 46. Ke3 Bc2
47. Kd4 Kh5 48. Ke5 Bb1 49. Ne3 Kg6 50. Bb4 Bd3 51. Kd4 Bb1 52. Be7 Kh5 53. Bh4
Kg6 54. Kc5 Bd3 55. Nd5 Kf7 56. Nc7 Be4 57. Kxb5 Kg6 58. Kc5 Kh5 59. Kd6 Kg6
60. Ke5 Bb1 61. Nd5 Kh5 62. Kf6 1-0

[Event "9. Copa Itau de Xadrez"]
[Site "Sao Paulo BRA"]
[Date "2005.10.05"]
[Round "4.8"]
[White "Olivencia, Flavio"]
[Black "Lima, Darcy"]
[Result "1-0"]
[WhiteElo "2229"]
[BlackElo "2529"]
[PlyCount "211"]
[EventDate "2005.10.02"]
[EventType "swiss"]
[EventRounds "9"]
[EventCountry "BRA"]
[Source "lmi"]
[SourceDate "2005.10.11"]

1. e4 c5 2. Nf3 Nc6 3. Bb5 e6 4. O-O Nge7 5. Re1 Nd4 6. Nxd4 cxd4 7. d3 Nc6 8.
Nd2 Be7 9. f4 O-O 10. Nf3 a6 11. Ba4 b5 12. Bb3 Qb6 13. f5 Na5 14. fxe6 dxe6
15. Bg5 f6 16. Bd2 Nxb3 17. axb3 e5 18. Rf1 Be6 19. Qe1 Rfc8 20. Rc1 a5 21. Nh4
a4 22. Nf5 Bxf5 23. Rxf5 a3 24. bxa3 Bxa3 25. Ra1 Bb2 26. Rxa8 Rxa8 27. Rf1 Qc6
28. Qb1 Bc3 29. Bxc3 Qxc3 30. h3 Kf8 31. Kh2 Ke7 32. Qd1 Kd6 33. Qg4 Ra7 34.
Rf2 Kc5 35. Qh5 h6 36. Qd1 Kb4 37. Qe2 Ra1 38. Qg4 Ra7 39. Qd1 Ra1 40. Qg4 Qc7
41. Qe2 Ka3 42. Qg4 Rc1 43. Qe6 Rxc2 44. Qa6+ Kb4 45. Rf1 Rc6 46. Qa8 Qc8 47.
Qa7 Qc7 48. Qa8 Qc8 49. Qa7 Rc7 50. Qb6 Rc1 51. Rf2 Ra1 52. Qd6+ Qc5 53. Qe6
Qa7 54. Qg8 h5 55. h4 Qc7 56. Qe6 Ra3 57. Rb2 Ra8 58. Rb1 Ra2 59. Rf1 Qc2 60.
Qe7+ Kxb3 61. Qxg7 b4 62. Rxf6 Ra5 63. Qf7+ Ka3 64. Rf2 Qb3 65. Qc7 Ra6 66.
Qc1+ Ka4 67. Qc8 Qe6 68. Ra2+ Qxa2 69. Qxa6+ Kb3 70. Qe6+ Kc3 71. Qxe5 Qf2 72.
Qa5 Kb3 73. e5 Qxh4+ 74. Kg1 Qe1+ 75. Kh2 Qh4+ 76. Kg1 Qe1+ 77. Kh2 Kc2 78. Qd5
Qh4+ 79. Kg1 Qe1+ 80. Kh2 Qh4+ 81. Kg1 b3 82. Qc4+ Kb2 83. e6 Qe1+ 84. Kh2 Qh4+
85. Kg1 Qe1+ 86. Kh2 Qe5+ 87. Kh1 h4 88. Kg1 Qe1+ 89. Kh2 Qe5+ 90. Kg1 Qf4 91.
Qd5 Qc1+ 92. Kh2 Qc7+ 93. Kg1 Qc1+ 94. Kh2 Qc7+ 95. Kg1 Kc3 96. Qd7 Qxd7 97.
exd7 b2 98. d8=Q b1=Q+ 99. Kh2 Qxd3 100. Qxh4 Qe3 101. Qf6 Kd2 102. g4 d3 103.
g5 Ke2 104. g6 Qh6+ 105. Kg2 d2 106. Qf3+ 1-0

[Event "9. Copa Itau de Xadrez"]
[Site "Sao Paulo BRA"]
[Date "2005.10.05"]
[Round "4.9"]
[White "Rodriguez, Andres"]
[Black "Madeira, Wagner"]
[Result "1-0"]
[WhiteElo "2479"]
[BlackElo "2274"]
[PlyCount "83"]
[EventDate "2005.10.02"]
[EventType "swiss"]
[EventRounds "9"]
[EventCountry "BRA"]
[Source "lmi"]
[SourceDate "2005.10.11"]

1. e4 c5 2. Nc3 Nc6 3. g3 g6 4. Bg2 Bg7 5. d3 e6 6. Nh3 Nge7 7. Be3 d6 8. Qd2
O-O 9. Bh6 Rb8 10. O-O b5 11. Bxg7 Kxg7 12. Rae1 b4 13. Nd1 e5 14. f4 Qa5 15.
Ne3 Qxa2 16. Nc4 Na5 17. fxe5 Nxc4 18. dxc4 Bxh3 19. Bxh3 dxe5 20. Qf2 Ng8 21.
b3 Qa5 22. Rd1 Rbd8 23. Rxd8 Qxd8 24. Qxc5 Qe7 25. Qxe7 Nxe7 26. Ra1 Ra8 27.
Ra6 Kf8 28. Bd7 f5 29. c5 fxe4 30. c6 Nd5 31. Ra5 Nb6 32. Bh3 Rd8 33. Rxe5 Rd1+
34. Bf1 Rc1 35. Rc5 e3 36. Kg2 Ke7 37. c7 Nc8 38. Be2 h5 39. Kf3 Ra1 40. Bd3
Kd6 41. Rc4 Re1 42. Bxg6 1-0

[Event "9. Copa Itau de Xadrez"]
[Site "Sao Paulo BRA"]
[Date "2005.10.06"]
[Round "5.2"]
[White "Crosa, Martin"]
[Black "Hungaski, Robert"]
[Result "0-1"]
[WhiteElo "2419"]
[BlackElo "2371"]
[PlyCount "70"]
[EventDate "2005.10.02"]
[EventType "swiss"]
[EventRounds "9"]
[EventCountry "BRA"]
[Source "lmi"]
[SourceDate "2005.10.11"]

1. e4 e5 2. f4 exf4 3. Nf3 g5 4. h4 g4 5. Ne5 d6 6. Nxg4 Nf6 7. Nf2 Rg8 8. d4
Bh6 9. Nc3 Nc6 10. Bb5 Rxg2 11. d5 a6 12. Bf1 Rxf2 13. Kxf2 Ne5 14. Be2 Qe7 15.
Qf1 Bg4 16. Bd2 Nh5 17. Qd1 Ng3 18. Bxg4 Nxh1+ 19. Qxh1 Nxg4+ 20. Ke2 O-O-O 21.
Qh3 f5 22. Rf1 Qe5 23. Kd1 Kb8 24. Qd3 fxe4 25. Qxe4 Qh5 26. Kc1 Qxh4 27. Qxh7
Ne3 28. Re1 f3 29. Nd1 Ng2 30. Re7 Bxd2+ 31. Kxd2 Qf4+ 32. Kc3 f2 33. Rxc7 Qf3+
34. Kb4 Qxd5 35. Rf7 f1=Q 0-1

[Event "9. Copa Itau de Xadrez"]
[Site "Sao Paulo BRA"]
[Date "2005.10.06"]
[Round "5.3"]
[White "Molina, Roberto"]
[Black "Leitao, Rafael"]
[Result "1/2-1/2"]
[WhiteElo "2238"]
[BlackElo "2586"]
[PlyCount "117"]
[EventDate "2005.10.02"]
[EventType "swiss"]
[EventRounds "9"]
[EventCountry "BRA"]
[Source "lmi"]
[SourceDate "2005.10.11"]

1. d4 Nf6 2. Nf3 g6 3. e3 Bg7 4. c4 O-O 5. Nc3 c5 6. Be2 cxd4 7. Nxd4 Nc6 8.
O-O d5 9. Nf3 dxc4 10. Bxc4 Bg4 11. h3 Bxf3 12. Qxd8 Rfxd8 13. gxf3 Ne5 14. Be2
Rac8 15. e4 Nc6 16. Be3 Nd4 17. Rfd1 Nh5 18. Kf1 e6 19. Rac1 Be5 20. Rd3 Nf4
21. Bxf4 Bxf4 22. Rcd1 Nc6 23. Rd7 Rxd7 24. Rxd7 Rc7 25. Rd1 a6 26. Na4 Ne5 27.
b4 Nd7 28. Nb2 g5 29. b5 axb5 30. Bxb5 Ne5 31. Be2 Rc2 32. Rb1 Ng6 33. a4 Be5
34. Nd3 Ra2 35. Bd1 Ra1 36. Rxa1 Bxa1 37. Ke2 Bd4 38. Kf1 b6 39. Kg2 Kf8 40.
Kg3 Ke7 41. Kg4 Kf6 42. f4 gxf4 43. Nxf4 Bxf2 44. Nxg6 hxg6 45. Kf3 Bc5 46. Be2
Ke5 47. Bb5 f5 48. Bc6 Kd4 49. Bd7 Bd6 50. Bc6 Ke5 51. Bb7 Kf6 52. Bc6 Kg5 53.
Be8 Bc5 54. Bf7 Kf6 55. Be8 Bd6 56. Bd7 Ke5 57. Bc6 Kd4 58. Bb7 Kd3 59. Bc6
1/2-1/2

[Event "9. Copa Itau de Xadrez"]
[Site "Sao Paulo BRA"]
[Date "2005.10.06"]
[Round "5.4"]
[White "Milos, Gilberto"]
[Black "Olivencia, Flavio"]
[Result "1-0"]
[WhiteElo "2620"]
[BlackElo "2229"]
[PlyCount "67"]
[EventDate "2005.10.02"]
[EventType "swiss"]
[EventRounds "9"]
[EventCountry "BRA"]
[Source "lmi"]
[SourceDate "2005.10.11"]

1. c4 Nf6 2. Nc3 d5 3. cxd5 Nxd5 4. Nf3 Nxc3 5. bxc3 g6 6. g3 Bg7 7. Bg2 O-O 8.
O-O c5 9. Qa4 Bd7 10. Qa3 Qc7 11. Rb1 b6 12. d4 cxd4 13. cxd4 Bc6 14. Bf4 Qb7
15. Rbc1 Bd5 16. Rfe1 b5 17. Rc7 Qb6 18. Qxe7 Na6 19. Rd7 Be6 20. Rd6 Qa5 21.
Rxe6 fxe6 22. Qxe6+ Kh8 23. Bd2 Qb6 24. Qh3 Rae8 25. Ng5 h5 26. e3 Qf6 27. f4
Qf5 28. Qxf5 Rxf5 29. Rc1 b4 30. d5 Bc3 31. Bxc3+ bxc3 32. Rxc3 Nb4 33. e4 Rf6
34. a3 1-0

[Event "9. Copa Itau de Xadrez"]
[Site "Sao Paulo BRA"]
[Date "2005.10.06"]
[Round "5.5"]
[White "Lafuente, Pablo"]
[Black "Rodriguez, Andres"]
[Result "0-1"]
[WhiteElo "2421"]
[BlackElo "2479"]
[PlyCount "120"]
[EventDate "2005.10.02"]
[EventType "swiss"]
[EventRounds "9"]
[EventCountry "BRA"]
[Source "lmi"]
[SourceDate "2005.10.11"]

1. d4 f5 2. g3 Nf6 3. Bg2 d6 4. Nf3 c6 5. O-O Qc7 6. Nc3 g6 7. e4 fxe4 8. Ng5
d5 9. f3 h6 10. Ngxe4 dxe4 11. fxe4 Be6 12. Qd3 Rg8 13. Ne2 Na6 14. Nf4 Qd7 15.
Nxe6 Qxe6 16. e5 Nd5 17. c4 Nb6 18. d5 Rd8 19. Qf3 cxd5 20. cxd5 Qf5 21. Qb3
Qc8 22. d6 Qc5+ 23. Kh1 Qc4 24. Qxc4 Nxc4 25. Bd5 Nxe5 26. Bxg8 exd6 27. Be3 b6
28. Rac1 Bg7 29. a3 Ke7 30. Bd5 Nc5 31. b4 Ne6 32. Rfd1 g5 33. a4 Rb8 34. Kg2
Bf6 35. Rc2 h5 36. Rcc1 h4 37. Be4 Ng4 38. Bg1 Bb2 39. Rc2 Be5 40. Rdc1 hxg3
41. hxg3 Nf6 42. Bf5 Nd5 43. Rc8 Rxc8 44. Rxc8 Nxb4 45. Ra8 Nc6 46. Be4 Ned8
47. Be3 Bf6 48. Kf2 Kd7 49. Bd5 g4 50. a5 bxa5 51. Bxa7 Kc7 52. Be3 Kb7 53.
Ra7+ Kc8 54. Bb6 Nxa7 55. Bxa7 Kc7 56. Ke2 Nc6 57. Be3 a4 58. Bc1 Be5 59. Kf2
Nd4 60. Be4 Bxg3+ 0-1

[Event "9. Copa Itau de Xadrez"]
[Site "Sao Paulo BRA"]
[Date "2005.10.06"]
[Round "5.7"]
[White "Felgaer, Ruben"]
[Black "Lima, Diniz"]
[Result "1-0"]
[WhiteElo "2636"]
[BlackElo "2133"]
[PlyCount "57"]
[EventDate "2005.10.02"]
[EventType "swiss"]
[EventRounds "9"]
[EventCountry "BRA"]
[Source "lmi"]
[SourceDate "2005.10.11"]

1. e4 d5 2. exd5 Nf6 3. d4 Nxd5 4. c4 Nb6 5. Nf3 Bg4 6. c5 N6d7 7. Be2 e6 8.
Qb3 b6 9. Be3 c6 10. O-O Be7 11. cxb6 axb6 12. Nbd2 O-O 13. Rfc1 Nf6 14. Bd3
Bxf3 15. Nxf3 Nd5 16. Be4 Ra5 17. Bd2 Rb5 18. Qc2 Nf6 19. a4 Rh5 20. Bxc6 Qd6
21. Bb5 Nd5 22. Bf1 g5 23. g3 f6 24. Qe4 Nd7 25. Re1 Kf7 26. Rac1 f5 27. Ne5+
Kg8 28. Qe2 g4 29. Nc4 1-0

[Event "9. Copa Itau de Xadrez"]
[Site "Sao Paulo BRA"]
[Date "2005.10.06"]
[Round "5.8"]
[White "Matsuura, Everaldo"]
[Black "Bouwman, Marcelo"]
[Result "1-0"]
[WhiteElo "2453"]
[BlackElo "2252"]
[PlyCount "97"]
[EventDate "2005.10.02"]
[EventType "swiss"]
[EventRounds "9"]
[EventCountry "BRA"]
[Source "lmi"]
[SourceDate "2005.10.11"]

1. d4 Nf6 2. c4 g6 3. Nc3 Bg7 4. e4 d6 5. f3 O-O 6. Bg5 Nc6 7. Nge2 a6 8. Qd2
Rb8 9. Ng3 e5 10. dxe5 Nxe5 11. Be2 Be6 12. b3 Qe8 13. O-O Nc6 14. Nd5 Bxd5 15.
cxd5 Ne7 16. Rac1 Qd7 17. Bd3 Kh8 18. Bh6 Ne8 19. Bxg7+ Kxg7 20. Rc2 Rc8 21.
Rfc1 h6 22. Qb4 c6 23. dxc6 Rxc6 24. Rxc6 Nxc6 25. Qc3+ Nf6 26. Bxa6 Ra8 27.
Bxb7 Qxb7 28. Qxc6 Qa7+ 29. Kf1 Qxa2 30. Qc2 Qa3 31. Ne2 Ra5 32. Qd3 d5 33. e5
Nd7 34. Qd4 Kh7 35. b4 Ra7 36. Qxd5 Nf8 37. b5 Qb2 38. Qd4 Ra2 39. Qxb2 Rxb2
40. Nc3 Ne6 41. Rb1 Rc2 42. b6 Nc5 43. Ne4 Nxe4 44. fxe4 Rc8 45. Ke2 Kg7 46.
Kd3 Kf8 47. Kd4 Ke7 48. b7 Rb8 49. Kc5 1-0

[Event "9. Copa Itau de Xadrez"]
[Site "Sao Paulo BRA"]
[Date "2005.10.06"]
[Round "5.9"]
[White "Fier, Alexandr"]
[Black "Galati, Mario"]
[Result "1/2-1/2"]
[WhiteElo "2443"]
[BlackElo "2245"]
[PlyCount "164"]
[EventDate "2005.10.02"]
[EventType "swiss"]
[EventRounds "9"]
[EventCountry "BRA"]
[Source "lmi"]
[SourceDate "2005.10.11"]

1. e4 c5 2. Nf3 Nc6 3. d4 cxd4 4. Nxd4 Nf6 5. Nc3 d6 6. Bg5 Bd7 7. Qd2 Rc8 8.
Be2 Nxd4 9. Qxd4 Qa5 10. Bd2 a6 11. O-O Qc5 12. Qd3 e6 13. Rad1 Be7 14. Bf4 Bc6
15. Bf3 Rd8 16. Be3 Qa5 17. b4 Qc7 18. b5 axb5 19. Nxb5 Qa5 20. Rb1 O-O 21. Nc3
Nd7 22. Qd2 Ra8 23. Bd4 Bg5 24. Qd3 Nc5 25. Qe2 e5 26. Bxc5 Qxc5 27. Qd3 Ra3
28. Rb3 Rfa8 29. Rd1 Be7 30. Rdb1 Rxb3 31. axb3 Bf8 32. Be2 g6 33. Kf1 Ra3 34.
Rd1 Kg7 35. h4 b5 36. Nb1 Ra1 37. c3 b4 38. c4 Be7 39. g3 Bb7 40. Bf3 Bd8 41.
Kg2 Bc7 42. Qc2 Qa5 43. Rd2 Bb6 44. Re2 Bd4 45. h5 Bc8 46. Qc1 Qd8 47. hxg6
hxg6 48. Qc2 Qa5 49. Rd2 Bc5 50. Be2 Bb7 51. Bd3 Bd4 52. Qd1 Qd8 53. Qe2 Qg5
54. Ra2 Rxa2 55. Qxa2 Qc1 56. Qd2 Qxd2 57. Nxd2 f5 58. f3 Kf6 59. Bc2 Bc6 60.
Kh3 Bb7 61. Nf1 Bc8 62. Kg2 Bb7 63. Nh2 Bc5 64. Bd3 Bc6 65. Kf1 Bb7 66. Ke2 Bc6
67. Nf1 Bb7 68. Bc2 Bc8 69. exf5 gxf5 70. Ne3 Bxe3 71. Kxe3 Kg5 72. Bd1 Bb7 73.
f4+ Kf6 74. Bc2 Bc6 75. Bd1 Bb7 76. Bh5 Bc6 77. Kd3 Be4+ 78. Kd2 Ke6 79. Be8
exf4 80. gxf4 d5 81. cxd5+ Kxd5 82. Ke3 Kc5 1/2-1/2

[Event "9. Copa Itau de Xadrez"]
[Site "Sao Paulo BRA"]
[Date "2005.10.06"]
[Round "5.10"]
[White "Gonzalez, Bolivar"]
[Black "Braga, Cicero"]
[Result "1/2-1/2"]
[WhiteElo "2257"]
[BlackElo "2420"]
[PlyCount "57"]
[EventDate "2005.10.02"]
[EventType "swiss"]
[EventRounds "9"]
[EventCountry "BRA"]
[Source "lmi"]
[SourceDate "2005.10.11"]

1. e4 c5 2. Nf3 Nc6 3. d4 cxd4 4. Nxd4 Nf6 5. Nc3 e5 6. Ndb5 d6 7. Bg5 a6 8.
Na3 b5 9. Bxf6 gxf6 10. Nd5 f5 11. Bd3 Be6 12. c3 Bg7 13. Qh5 O-O 14. O-O f4
15. g3 f5 16. gxf4 Bxd5 17. exd5 Ne7 18. Kh1 e4 19. Bc2 b4 20. Nc4 bxc3 21.
bxc3 Nxd5 22. Qd1 Nxc3 23. Qxd6 Nb5 24. Qxd8 Raxd8 25. Rad1 Nd4 26. Ba4 Bh6 27.
Ne5 Bg7 28. Rxd4 Rxd4 29. Bb3+ 1/2-1/2

[Event "9. Copa Itau de Xadrez"]
[Site "Sao Paulo BRA"]
[Date "2005.10.07"]
[Round "6.1"]
[White "Hungaski, Robert"]
[Black "Vescovi, Giovanni"]
[Result "1/2-1/2"]
[WhiteElo "2371"]
[BlackElo "2646"]
[PlyCount "90"]
[EventDate "2005.10.02"]
[EventType "swiss"]
[EventRounds "9"]
[EventCountry "BRA"]
[Source "lmi"]
[SourceDate "2005.10.11"]

1. e4 c6 2. d4 d5 3. Nd2 dxe4 4. Nxe4 Bf5 5. Ng3 Bg6 6. h4 h6 7. Nf3 Nd7 8. h5
Bh7 9. Bd3 Bxd3 10. Qxd3 e6 11. Bf4 Ngf6 12. O-O-O Be7 13. Ne4 Nxe4 14. Qxe4
Nf6 15. Qe2 Qd5 16. c4 Qa5 17. a3 Nxh5 18. Be5 Nf6 19. d5 cxd5 20. cxd5 Nxd5
21. Bxg7 Rg8 22. Be5 Rxg2 23. Kb1 Rg6 24. Qe4 Rd8 25. Bd4 Bf6 26. Rhg1 Rxg1 27.
Rxg1 Bxd4 28. Qxd4 Ke7 29. Ka1 Nf6 30. Qf4 h5 31. Ng5 Qd5 32. Qh4 Rd6 33. f4 a5
34. Qh3 Qd4 35. Qg3 Qd3 36. Qg2 Qd5 37. Qg3 Qd3 38. Qg2 Qb3 39. Qe2 Nd5 40.
Qxh5 Kd7 41. Qxf7+ Kc6 42. Rc1+ Kb5 43. Qe8+ Rc6 44. Rxc6 bxc6 45. Nxe6 Qd1+
1/2-1/2

[Event "9. Copa Itau de Xadrez"]
[Site "Sao Paulo BRA"]
[Date "2005.10.07"]
[Round "6.2"]
[White "De Souza, Mauro Guimaraes"]
[Black "Milos, Gilberto"]
[Result "1/2-1/2"]
[WhiteElo "2378"]
[BlackElo "2620"]
[PlyCount "41"]
[EventDate "2005.10.02"]
[EventType "swiss"]
[EventRounds "9"]
[EventCountry "BRA"]
[Source "lmi"]
[SourceDate "2005.10.11"]

1. d4 Nf6 2. Nf3 g6 3. Bg5 Bg7 4. Nbd2 O-O 5. c3 d6 6. e4 c5 7. dxc5 dxc5 8.
Bc4 Nc6 9. Qe2 Qc7 10. O-O h6 11. Bxf6 exf6 12. Nh4 g5 13. Nf5 Bxf5 14. exf5
Rae8 15. Ne4 Qf4 16. f3 Qxf5 17. Qf2 Re5 18. Rad1 b6 19. Nd6 Qg6 20. Bd3 f5 21.
Nxf5 1/2-1/2

[Event "9. Copa Itau de Xadrez"]
[Site "Sao Paulo BRA"]
[Date "2005.10.07"]
[Round "6.3"]
[White "Rodriguez, Andres"]
[Black "Molina, Roberto"]
[Result "1-0"]
[WhiteElo "2479"]
[BlackElo "2238"]
[PlyCount "89"]
[EventDate "2005.10.02"]
[EventType "swiss"]
[EventRounds "9"]
[EventCountry "BRA"]
[Source "lmi"]
[SourceDate "2005.10.11"]

1. e4 c6 2. d4 d5 3. Nd2 dxe4 4. Nxe4 Nd7 5. Bc4 Ngf6 6. Ng5 e6 7. Ne2 Bd6 8.
f4 b5 9. Bd3 Bb7 10. a4 a6 11. Ng3 Qc7 12. O-O Nb6 13. Qe2 O-O-O 14. b3 Nbd5
15. axb5 axb5 16. f5 e5 17. N5e4 exd4 18. Nxd6+ Rxd6 19. Ne4 Rd7 20. Nxf6 gxf6
21. Qg4 Ne3 22. Bxe3 dxe3 23. Rae1 Re8 24. Qh4 Qe5 25. Re2 Kc7 26. Qxh7 Kb6 27.
b4 Qd4 28. Qg7 Qxb4 29. Qxf6 Qc5 30. Rfe1 Kc7 31. Qg5 Re5 32. Qg3 Kb6 33. h3
Rde7 34. f6 R7e6 35. Qg7 Qd6 36. Rf1 Qd7 37. Bg6 Rg5 38. Qxf7 Qd5 39. Qxe6 Qxe6
40. f7 Rxg6 41. f8=Q c5 42. Qd8+ Kc6 43. Rf3 b4 44. Rfxe3 Qd6 45. Qe8+ 1-0

[Event "9. Copa Itau de Xadrez"]
[Site "Sao Paulo BRA"]
[Date "2005.10.07"]
[Round "6.4"]
[White "Alonso, Jonathan"]
[Black "Felgaer, Ruben"]
[Result "1/2-1/2"]
[WhiteElo "2378"]
[BlackElo "2636"]
[PlyCount "102"]
[EventDate "2005.10.02"]
[EventType "swiss"]
[EventRounds "9"]
[EventCountry "BRA"]
[Source "lmi"]
[SourceDate "2005.10.11"]

1. e4 c5 2. f4 d5 3. Nc3 dxe4 4. Nxe4 e6 5. Nf3 Nf6 6. Bb5+ Bd7 7. Bxd7+ Qxd7
8. Qe2 Nc6 9. d3 Be7 10. O-O O-O 11. Kh1 Qc7 12. Be3 b6 13. g3 Rad8 14. b3 Qb7
15. a4 Rfe8 16. Qg2 Nd5 17. Rae1 f5 18. Ned2 Bf6 19. Nc4 a6 20. Bd2 b5 21. axb5
axb5 22. Nce5 Nd4 23. c4 Ne7 24. Ba5 Rd6 25. Nxd4 Qxg2+ 26. Kxg2 Rxd4 27. cxb5
Bxe5 28. Rxe5 Nd5 29. Rd1 Kf7 30. Be1 Rb8 31. Ra1 Rxb5 32. Ra7+ Kf6 33. Ra6
Rxd3 34. Raxe6+ Kf7 35. Ra6 Rbxb3 36. Rxf5+ Ke7 37. Ra7+ Ke6 38. Re5+ Kd6 39.
Rxg7 Rb2+ 40. Kh1 Ne3 41. Ra7 Rb1 42. Kg1 Nc2 43. Kf2 Nd4 44. Rxh7 Rb2+ 45. Kf1
Rf3+ 46. Kg1 Rd3 47. Rh6+ Kd7 48. Kf1 Rf3+ 49. Kg1 Rd3 50. Kf1 Rf3+ 51. Kg1 Rd3
1/2-1/2

[Event "9. Copa Itau de Xadrez"]
[Site "Sao Paulo BRA"]
[Date "2005.10.07"]
[Round "6.6"]
[White "Lebredo, Gerardo"]
[Black "Matsuura, Everaldo"]
[Result "0-1"]
[WhiteElo "2300"]
[BlackElo "2453"]
[PlyCount "104"]
[EventDate "2005.10.02"]
[EventType "swiss"]
[EventRounds "9"]
[EventCountry "BRA"]
[Source "lmi"]
[SourceDate "2005.10.11"]

1. Nf3 d5 2. e3 Nf6 3. c4 e6 4. b3 c5 5. Bb2 Nc6 6. cxd5 exd5 7. Bb5 Bd6 8.
Bxf6 Qxf6 9. Nc3 Be6 10. e4 a6 11. exd5 axb5 12. dxe6 Qxe6+ 13. Qe2 Qxe2+ 14.
Kxe2 b4 15. Ne4 Be7 16. Rac1 b6 17. d4 Rxa2+ 18. Kd3 f5 19. Ned2 O-O 20. Rhe1
Rd8 21. Kc4 Ra5 22. Rxe7 Nxe7 23. Re1 Nc8 24. d5 Nd6+ 25. Kd3 Nb5 26. Re5 Nc7
27. Nc4 Ra6 28. d6 b5 29. Kc2 bxc4 30. dxc7 Rc8 31. Rxc5 cxb3+ 32. Kxb3 Ra7 33.
Rxf5 Raxc7 34. Rf4 Rb8 35. Ne5 Re8 36. Re4 Rc3+ 37. Kb2 Rd3 38. Re2 g5 39. g3
Rf3 40. g4 Rh3 41. Kc2 Rxh2 42. Kb3 Rg2 43. Kxb4 Rxg4+ 44. Kc5 Ra4 45. Re1 Kg7
46. Kd6 Ra6+ 47. Kd5 Ra5+ 48. Kd6 h5 49. f4 gxf4 50. Rg1+ Kh7 51. Nf7 Rg8 52.
Rf1 Rg6+ 0-1

[Event "9. Copa Itau de Xadrez"]
[Site "Sao Paulo BRA"]
[Date "2005.10.07"]
[Round "6.8"]
[White "Aranha, Alvaro"]
[Black "Crosa, Martin"]
[Result "0-1"]
[WhiteElo "2264"]
[BlackElo "2419"]
[PlyCount "122"]
[EventDate "2005.10.02"]
[EventType "swiss"]
[EventRounds "9"]
[EventCountry "BRA"]
[Source "lmi"]
[SourceDate "2005.10.11"]

1. d4 e6 2. Nf3 f5 3. Bf4 Nf6 4. e3 Be7 5. h3 d6 6. Be2 O-O 7. c4 Ne4 8. Nfd2
Nxd2 9. Qxd2 Nc6 10. d5 Ne5 11. Bg3 Bh4 12. Bxe5 dxe5 13. Nc3 Qe8 14. c5 exd5
15. Qxd5+ Kh8 16. Qc4 Bd8 17. Bf3 e4 18. Be2 Be6 19. Qb5 Bf6 20. Qxe8 Bxc3+ 21.
bxc3 Rfxe8 22. a3 Bd5 23. O-O-O Bc6 24. Rd4 Re5 25. Rhd1 h6 26. Bh5 Kh7 27. Bf7
Rxc5 28. Kb2 Rf8 29. Bb3 Re5 30. g3 g5 31. Bc2 Kg6 32. h4 gxh4 33. gxh4 Kf6 34.
Rg1 Re7 35. Bb3 Rg7 36. Rxg7 Kxg7 37. Rd1 Kf6 38. Rg1 Be8 39. Bd5 c6 40. Bc4
Bh5 41. a4 b6 42. Kc2 Rd8 43. Ba6 Bf7 44. Be2 Rg8 45. Rxg8 Bxg8 46. Kb2 Ke5 47.
Bh5 Be6 48. Be8 Kd6 49. Ka3 a5 50. Bh5 Kc5 51. Kb2 b5 52. axb5 cxb5 53. Be2 b4
54. Bd1 Bd7 55. Bb3 a4 56. cxb4+ Kxb4 57. Ba2 a3+ 58. Kc1 Kc3 59. Bd5 Ba4 60.
Kb1 Bb3 61. Bc6 Be6 0-1

[Event "9. Copa Itau de Xadrez"]
[Site "Sao Paulo BRA"]
[Date "2005.10.07"]
[Round "6.9"]
[White "Pelikian, Jefferson"]
[Black "Pereira, Silvio"]
[Result "1/2-1/2"]
[WhiteElo "2406"]
[BlackElo "2262"]
[PlyCount "61"]
[EventDate "2005.10.02"]
[EventType "swiss"]
[EventRounds "9"]
[EventCountry "BRA"]
[Source "lmi"]
[SourceDate "2005.10.11"]

1. e4 e5 2. Nf3 Nc6 3. Bc4 Bc5 4. c3 Bb6 5. d4 Qe7 6. O-O d6 7. h3 Nf6 8. Re1
O-O 9. a4 a6 10. Na3 Bd7 11. Nc2 Na5 12. Bd3 Nb3 13. Ra3 Nxc1 14. Qxc1 Nh5 15.
Ne3 Nf4 16. Nd5 Nxd5 17. exd5 f6 18. Qc2 g6 19. a5 Ba7 20. b4 Qg7 21. c4 Rae8
22. c5 exd4 23. Raa1 Rxe1+ 24. Rxe1 Re8 25. Rxe8+ Bxe8 26. c6 b5 27. Qe2 Qf7
28. g4 Kf8 29. Qe4 Qe7 30. Kg2 Bf7 31. Nd2 1/2-1/2

[Event "9. Copa Itau de Xadrez"]
[Site "Sao Paulo BRA"]
[Date "2005.10.07"]
[Round "6.10"]
[White "Galati, Mario"]
[Black "Lima, Darcy"]
[Result "1-0"]
[WhiteElo "2245"]
[BlackElo "2529"]
[PlyCount "107"]
[EventDate "2005.10.02"]
[EventType "swiss"]
[EventRounds "9"]
[EventCountry "BRA"]
[Source "lmi"]
[SourceDate "2005.10.11"]

1. d4 Nf6 2. c4 e6 3. Nf3 c5 4. e3 b6 5. Nc3 g6 6. e4 cxd4 7. Nxd4 d6 8. Be3
Bb7 9. f3 a6 10. Qd2 Bg7 11. Be2 O-O 12. O-O Nbd7 13. Rfd1 Qc7 14. Rac1 Rfd8
15. Bf1 Rac8 16. Qf2 Qb8 17. Nc2 Ba8 18. Na3 Ne8 19. Na4 Nc5 20. Nc3 Nd7 21.
Na4 Rc6 22. b4 Nc7 23. Bd4 Bh6 24. Be3 Bf8 25. Nc3 Ne8 26. Nc2 Ne5 27. Na3 Rdc8
28. Na4 Nd7 29. Nb2 Nef6 30. Nc2 R6c7 31. Nd4 Ne5 32. Nb3 Nfd7 33. a3 Re8 34.
Na4 Nxc4 35. Bxc4 b5 36. Na5 bxc4 37. Rxc4 Rxc4 38. Nxc4 Bc6 39. Nc3 Rd8 40.
Qg3 Nf6 41. Bg5 Nh5 42. Qf2 Rc8 43. Na5 Be8 44. Qd2 Bg7 45. Ne2 Ba4 46. Rc1
Rxc1+ 47. Qxc1 d5 48. Nc3 Qb6+ 49. Kh1 Bxc3 50. Qxc3 d4 51. Qc8+ Kg7 52. Be7 g5
53. Qf8+ Kg6 54. Qg8+ 1-0

[Event "9. Copa Itau de Xadrez"]
[Site "Sao Paulo BRA"]
[Date "2005.10.08"]
[Round "7.1"]
[White "Hungaski, Robert"]
[Black "Rodriguez, Andres"]
[Result "0-1"]
[WhiteElo "2371"]
[BlackElo "2479"]
[PlyCount "64"]
[EventDate "2005.10.02"]
[EventType "swiss"]
[EventRounds "9"]
[EventCountry "BRA"]
[Source "lmi"]
[SourceDate "2005.10.11"]

1. e4 e6 2. d4 d5 3. Nc3 Bb4 4. e5 Ne7 5. a3 Bxc3+ 6. bxc3 c5 7. Qg4 Qc7 8.
Qxg7 Rg8 9. Qxh7 cxd4 10. Ne2 Nbc6 11. f4 Bd7 12. Qd3 dxc3 13. Rb1 O-O-O 14.
Nxc3 Na5 15. Nb5 Bxb5 16. Rxb5 Kb8 17. g3 Rc8 18. Bd2 Nc4 19. Bg2 Nxd2 20. Kxd2
a6 21. Rb3 Qc5 22. Rhb1 Qf2+ 23. Kd1 b5 24. Bf1 Rc4 25. Qe2 Qa7 26. Qd2 Nf5 27.
Kc1 Ra4 28. Kb2 Rc8 29. Rb4 Rxb4+ 30. axb4 d4 31. Ra1 Ne3 32. Kb1 Nxf1 0-1